000 00428pab a2200145 454500
008 180718b1985 xxu||||| |||| 00| 0 eng d
100 _aPanda, Hrushikesh
245 _aImpact of irrigation on farmers acreage response to price
_bCase of Andhra Pradesh
260 _c1985
300 _aA-11-16
362 _a30 Mar.
650 _aIrrigation - India - Andhra Pradesh
773 _aEconomic and Political Weekly
909 _a11418
999 _c11418
_d11418